Top 10 Most Popular PC Games - Statistics

General Stats
  • This quiz has been taken 122 times
  • The average score is 4 of 10
Answer Stats
Hint Answer % Correct
1: Minecraft
98%
3: Fortnite
76%
2: Roblox
61%
6: League of Legends
51%
5: Call of Duty
50%
7: Valorant
44%
4: Counter-Strike 2
15%
8: Grand Theft Auto V
14%
10: Diablo IV
1%
9: XDefiant
1%
No matching quizzes found
Score Distribution
Percent of People with Each Score
Percentile by Number Answered
Your Score History
You have not taken this quiz